[Event "Torneo FreeTUR"]
[Site "Torino ITA"]
[Date "2007.12.04"]
[Round "5"]
[White "Bovero, Ezio"]
[Black "Biancotti, Alessandro"]
[Result "0-1"]
[WhiteElo "1452"]
[BlackElo "1828"]
[PlyCount "82"]
[EventDate "2007.11.06"]

1. e4 c5 2. f4 Nc6 3. Nf3 d5 4. exd5 Qxd5 5. Nc3 Qd8 6. d3 Nf6 7. h3 e6 8. g4
a6 9. Bg2 Qc7 10. Be3 Bd6 11. Qd2 Nd5 12. Nxd5 exd5 13. f5 Bd7 14. a3 O-O-O 15.
O-O-O f6 16. Rhf1 d4 17. Nxd4 cxd4 18. Bxc6 dxe3 19. Bxd7+ Rxd7 20. Qxe3 Kb8
21. Kb1 Re7 22. Qf3 Rhe8 23. Rf2 Qb6 24. Ka2 Re3 25. Qg2 Rxh3 26. Qxh3 Qxf2 27.
Qxh7 Qxc2 28. Rb1 Bxa3 29. Qxg7 Re2 30. Qxf6 Be7 31. Qd4 Bf6 32. Qd6+ Ka7 33.
Qa3 Rg2 34. Qb4 Rd2 35. g5 Bxg5 36. Qd4+ Kb8 37. Qe5+ Qc7 38. Qh8+ Bd8 39. Qd4
Qa5+ 40. Kb3 Qb5+ 41. Ka2 Rxd3 0-1

[Event "Torneo FreeTUR"]
[Site "Torino ITA"]
[Date "2007.12.04"]
[Round "5"]
[White "Cacinschi, Alexandru"]
[Black "Di Chiara, Mauro"]
[Result "0-1"]
[WhiteElo "1630"]
[BlackElo "1747"]
[PlyCount "54"]
[EventDate "2007.11.06"]

1. e4 c5 2. Nc3 Nc6 3. g3 d6 4. Bg2 g6 5. d3 Bg7 6. f4 e6 7. Nge2 Nge7 8. O-O
O-O 9. h3 f5 10. g4 b6 11. exf5 exf5 12. gxf5 gxf5 13. Nd5 Bb7 14. Ng3 Nxd5 15.
Bxd5+ Kh8 16. Qh5 Qd7 17. Re1 Nd4 18. c3 Bxd5 19. cxd4 Bxd4+ 20. Kh2 Rg8 21.
Re2 Qg7 22. Qg5 Qxg5 23. fxg5 Be5 24. Rxe5 dxe5 25. Nxf5 Rgf8 26. Ne3 Be6 27.
Kg3 Rad8 0-1

[Event "Torneo FreeTUR"]
[Site "Torino ITA"]
[Date "2007.12.04"]
[Round "5"]
[White "Colamartino, Gianfranco"]
[Black "Rossotto, Bruno"]
[Result "1-0"]
[WhiteElo "1440"]
[BlackElo "1401"]
[PlyCount "93"]
[EventDate "2007.11.06"]

1. e4 e5 2. Nf3 d6 3. d4 Bg4 4. dxe5 Nd7 5. Be2 Nxe5 6. O-O Nf6 7. Nc3 Bh5 8.
Nxe5 dxe5 9. Bxh5 Qxd1 10. Bxf7+ Kxf7 11. Rxd1 Bc5 12. Bg5 Bb6 13. Bxf6 gxf6
14. Nd5 Ke6 15. Nxb6 axb6 16. Rd2 Ra4 17. f3 Rd4 18. Rad1 Rhd8 19. Rd3 c5 20.
Kf2 c4 21. Rxd4 Rxd4 22. Ke2 b5 23. c3 Rxd1 24. Kxd1 Kd6 25. Ke2 Kc5 26. a3 Kd6
27. g4 Ke6 28. Kf2 h6 29. Kg3 Kf7 30. h4 Kg6 31. f4 h5 32. g5 exf4+ 33. Kxf4
fxg5+ 34. hxg5 h4 35. e5 h3 36. Kg3 h2 37. Kxh2 Kxg5 38. e6 Kf6 39. e7 Kxe7 40.
Kg3 Kd6 41. Kf3 Kc6 42. Ke4 Kb6 43. Kd5 Ka5 44. Kc5 b6+ 45. Kc6 Ka6 46. Kc7 Ka5
47. Kb7 1-0

[Event "Torneo FreeTUR"]
[Site "Torino ITA"]
[Date "2007.12.04"]
[Round "5"]
[White "Diana, Riccardo"]
[Black "Marvin, Elio"]
[Result "1-0"]
[WhiteElo "2070"]
[BlackElo "1708"]
[PlyCount "80"]
[EventDate "2007.11.06"]

1. e4 e5 2. Nf3 d6 3. d4 exd4 4. Nxd4 Nf6 5. Nc3 Be7 6. Bf4 a6 7. Qd2 O-O 8. f3
Nc6 9. O-O-O Nxd4 10. Qxd4 Nh5 11. Be3 Bg5 12. Kb1 Bxe3 13. Qxe3 g6 14. g4 Ng7
15. h4 Be6 16. Be2 b5 17. Qh6 Re8 18. h5 g5 19. e5 Bc4 20. Bxc4 bxc4 21. Ne4
Re6 22. Nf6+ Rxf6 23. exf6 Ne6 24. Rhe1 Qf8 25. Qxf8+ Kxf8 26. Re4 c3 27. b3
Ke8 28. Rd3 Kd7 29. Rxc3 Rb8 30. a4 a5 31. Kc1 d5 32. Re5 Kd6 33. Rce3 c5 34.
Kd2 h6 35. Rf5 Rb4 36. Ree5 Rd4+ 37. Kc1 Nf4 38. Re7 c4 39. Rxf7 c3 40. Re7 Rd2
1-0

[Event "Torneo FreeTUR"]
[Site "Torino ITA"]
[Date "2007.12.04"]
[Round "5"]
[White "Figari, Andrea"]
[Black "Di Stefano, Salvatore"]
[Result "1-0"]
[WhiteElo "1563"]
[BlackElo "1404"]
[PlyCount "72"]
[EventDate "2007.11.06"]

1. e4 e5 2. Nf3 Nc6 3. Bc4 Nf6 4. Nc3 Bb4 5. a3 Bxc3 6. dxc3 d6 7. O-O Bg4 8.
h3 Bh5 9. Re1 Qd7 10. Qd3 h6 11. Nh4 O-O-O 12. Bb5 d5 13. exd5 Qxd5 14. Qxd5
Rxd5 15. Bxc6 bxc6 16. Nf5 Kd8 17. Ne3 Rc5 18. c4 e4 19. Bd2 Kc8 20. Bc3 Rd8
21. g4 Rg5 22. Kh2 Nxg4+ 23. hxg4 Bxg4 24. Nxg4 Rxg4 25. Re3 Rd6 26. Rg3 Rf4
27. Kg2 Rg6 28. Rxg6 fxg6 29. Bxg7 Rg4+ 30. Kf1 Rh4 31. Ke2 e3 32. fxe3 Rxc4
33. Kd3 Rh4 34. Rf1 h5 35. Rg1 Rh3 36. Rxg6 h4 1-0

[Event "Torneo FreeTUR"]
[Site "Torino ITA"]
[Date "2007.12.04"]
[Round "5"]
[White "Gatti, Franco"]
[Black "Liviabella, Lucio"]
[Result "0-1"]
[WhiteElo "1499"]
[BlackElo "1571"]
[PlyCount "72"]
[EventDate "2007.11.06"]

1. e4 b6 2. Nf3 c5 3. Bc4 e6 4. d3 Nc6 5. a3 Nf6 6. Nc3 Bb7 7. O-O Be7 8. Bf4
Rc8 9. Qd2 a6 10. h3 b5 11. Ba2 O-O 12. Rab1 Re8 13. Rfe1 d6 14. Bh2 Qa5 15.
Ra1 Nd4 16. Qd1 Nc6 17. Ne2 Qb6 18. Nc3 Nd7 19. Bf4 Bf6 20. Bd2 Qd8 21. Rb1 Nf8
22. Ne2 Ng6 23. Bc3 e5 24. Qd2 a5 25. Qd1 b4 26. axb4 axb4 27. Bd2 Rc7 28. Ng3
Nf4 29. Ne2 Ng6 30. Ng3 Bc8 31. Nh5 Be7 32. Qe2 Bd7 33. Red1 Rf8 34. c3 Ra7 35.
Ra1 Qa8 36. Nxg7 Kxg7 0-1

[Event "Torneo FreeTUR"]
[Site "Torino ITA"]
[Date "2007.12.04"]
[Round "5"]
[White "Gussone, Claudio"]
[Black "Martin, Tiziano"]
[Result "1-0"]
[WhiteElo "1876"]
[BlackElo "2019"]
[PlyCount "89"]
[EventDate "2007.11.06"]

1. d4 d5 2. Nf3 Nf6 3. g3 Bf5 4. Bg2 e6 5. O-O Be7 6. c4 c6 7. cxd5 exd5 8. Nc3
Nbd7 9. Re1 O-O 10. Nd2 Qb6 11. e4 dxe4 12. Ndxe4 Nxe4 13. Nxe4 Bb4 14. Nc3 Nf6
15. Be3 Qa5 16. Bd2 Rfe8 17. Qf3 Bg4 18. Qf4 Qh5 19. h4 Qf5 20. Qxf5 Bxf5 21.
a3 Ba5 22. Bf4 Be6 23. Bd6 Nd5 24. Bxd5 Bxd5 25. b4 Bb6 26. Nxd5 cxd5 27. Bc5
Bxc5 28. dxc5 Kf8 29. Kf1 Re6 30. Rxe6 fxe6 31. f4 h5 32. Ke2 Ke7 33. Kd3 Kf6
34. Re1 g6 35. Kd4 Re8 36. Re5 Rc8 37. b5 Rc7 38. a4 Rc8 39. a5 Kf7 40. Re1 Kf6
41. Rc1 Ke7 42. Ke5 Rf8 43. c6 bxc6 44. Rxc6 Rf5+ 45. Kd4 1-0

[Event "Torneo FreeTUR"]
[Site "Torino ITA"]
[Date "2007.12.04"]
[Round "5"]
[White "Malano, Francesco"]
[Black "Abbura', Davide"]
[Result "1-0"]
[WhiteElo "1967"]
[BlackElo "1697"]
[PlyCount "119"]
[EventDate "2007.11.06"]

1. Nf3 e6 2. g3 Nf6 3. Bg2 g6 4. b3 Bg7 5. Bb2 O-O 6. O-O d5 7. d4 Nbd7 8. c4
c6 9. Nc3 Re8 10. Rc1 b6 11. Qc2 Bb7 12. cxd5 exd5 13. e3 Rc8 14. Rfd1 Nf8 15.
Qd3 Ne6 16. Ne5 Nd7 17. Nf3 Nf6 18. Na4 Ne4 19. Nd2 Nxd2 20. Rxd2 Ng5 21. h4
Ne4 22. Rdc2 Qd6 23. Rd1 Nxg3 24. fxg3 Qxg3 25. e4 Qxd3 26. Rxd3 dxe4 27. Rd1
f5 28. Bc1 Rcd8 29. Be3 Rd6 30. Nc3 Red8 31. Rcd2 Ba6 32. Bf1 Bxf1 33. Kxf1 c5
34. dxc5 Rxd2 35. Rxd2 Rxd2 36. Bxd2 bxc5 37. Na4 Bd4 38. Ke2 Kf7 39. Be3 Ke6
40. Nxc5+ Bxc5 41. Bxc5 a6 42. Ke3 Ke5 43. Bf8 Kd5 44. Bg7 Kc5 45. a3 Kb5 46.
Kd4 Kc6 47. Be5 Kb5 48. Bf4 Kc6 49. Ke5 Kc5 50. Be3+ Kc6 51. Ke6 Kc7 52. Kd5
Kd7 53. b4 Kc7 54. a4 Kb7 55. Kd6 Kc8 56. Kc6 Kd8 57. b5 axb5 58. axb5 Kc8 59.
b6 f4 60. Bxf4 1-0

[Event "Torneo FreeTUR"]
[Site "Torino ITA"]
[Date "2007.12.04"]
[Round "5"]
[White "Parisi, Gianmario"]
[Black "Tondo, Stefano"]
[Result "1-0"]
[WhiteElo "1647"]
[BlackElo "1496"]
[PlyCount "97"]
[EventDate "2007.11.06"]

1. e4 e5 2. Nf3 Nc6 3. Bb5 f5 4. Nc3 Bc5 5. O-O Nf6 6. exf5 O-O 7. Bxc6 bxc6 8.
Nxe5 d5 9. d4 Bd6 10. Bg5 c5 11. Nxd5 Bxe5 12. dxe5 Qxd5 13. exf6 Qd4 14. Qxd4
cxd4 15. g4 gxf6 16. Bf4 Rf7 17. Rad1 Rg7 18. f3 h5 19. Rxd4 hxg4 20. Rd8+ Kf7
21. Bg3 Ke7 22. Rh8 Bb7 23. Re1+ Kd7 24. Rxa8 Bxa8 25. fxg4 Rxg4 26. Re6 Bd5
27. Rxf6 Ke7 28. Rh6 c6 29. Kf2 a5 30. Rh7+ Kf6 31. Ra7 a4 32. a3 Kxf5 33. Ra8
Rd4 34. Re8 Rd2+ 35. Re2 Rd1 36. Ke3 Rb1 37. c3 Bb3 38. Rd2 c5 39. Rf2+ Kg4 40.
Rg2 Kh3 41. Rd2 Kg4 42. Ke2 Bc4+ 43. Ke3 Rf1 44. Rd8 Rf3+ 45. Kd2 Bb3 46. Rc8
c4 47. Rg8+ Kh3 48. Ke2 Kg2 49. Be5+ 1-0

[Event "Torneo FreeTUR"]
[Site "Torino ITA"]
[Date "2007.12.04"]
[Round "5"]
[White "Pizzul, Aleksandar"]
[Black "Domenichelli, Serafino"]
[Result "1-0"]
[WhiteElo "1449"]
[BlackElo "1730"]
[PlyCount "77"]
[EventDate "2007.11.06"]

1. d4 Nf6 2. Nf3 d5 3. e3 c6 4. Nbd2 g6 5. Be2 Bg7 6. O-O O-O 7. c4 Nbd7 8. b3
Re8 9. Bb2 Nf8 10. cxd5 cxd5 11. Bb5 Bd7 12. Qe2 Qb6 13. Bxd7 N8xd7 14. Rfc1
Rac8 15. Rxc8 Rxc8 16. Rc1 Rc6 17. Rxc6 Qxc6 18. Qd1 Qa6 19. a3 e6 20. Qc1 Qc6
21. Qxc6 bxc6 22. b4 Kf8 23. Kf1 Ke7 24. Ke2 Ne8 25. Nb3 h6 26. Nc5 Nd6 27.
Nxd7 Kxd7 28. Nd2 Kc7 29. Kd3 Kb6 30. f3 Kb5 31. e4 a5 32. bxa5 Kxa5 33. Nb3+
Kb5 34. Nc5 Nc4 35. a4+ Kb6 36. Bc3 Bf6 37. Nd7+ Kc7 38. Nxf6 dxe4+ 39. Kxc4
1-0

[Event "Torneo FreeTUR"]
[Site "Torino ITA"]
[Date "2007.12.04"]
[Round "5"]
[White "Portaro, Gaetano"]
[Black "Gariglio, Marco"]
[Result "1-0"]
[WhiteElo "1428"]
[BlackElo "1491"]
[PlyCount "81"]
[EventDate "2007.11.06"]

1. d4 d5 2. Bf4 Nf6 3. Nf3 Nc6 4. h3 e6 5. e3 Bd6 6. Bxd6 Qxd6 7. Bd3 Nb4 8.
Be2 c5 9. c3 Nc6 10. Nbd2 cxd4 11. exd4 O-O 12. O-O Re8 13. Re1 Ne7 14. Ne5 Nd7
15. Ng4 Ng6 16. Nf3 f6 17. Bb5 a6 18. Ba4 b5 19. Bc2 Ndf8 20. Qb1 b4 21. Re3
bxc3 22. Rxc3 e5 23. dxe5 fxe5 24. Bb3 Bxg4 25. hxg4 Nf4 26. Re3 Re6 27. g3
N4g6 28. Qe1 e4 29. Nd4 Rf6 30. Nf5 Qe5 31. Rxe4 Qxb2 32. Bxd5+ Kh8 33. Bxa8
Ne6 34. Bd5 Nd4 35. Rb1 Qxa2 36. Rb8+ Nf8 37. Bxa2 Nf3+ 38. Kf1 Nxe1 39. Kxe1
h5 40. Ree8 hxg4 41. Rxf8+ 1-0

[Event "Torneo FreeTUR"]
[Site "Torino ITA"]
[Date "2007.12.04"]
[Round "5"]
[White "Ragni, Paolo"]
[Black "Gallucci, Alessio"]
[Result "0-1"]
[WhiteElo "2169"]
[BlackElo "2076"]
[PlyCount "60"]
[EventDate "2007.11.06"]

1. e4 c5 2. Nc3 Nc6 3. g3 g6 4. Bg2 Bg7 5. d3 d6 6. f4 e6 7. Nf3 Nge7 8. O-O
O-O 9. Be3 Nd4 10. e5 dxe5 11. fxe5 Rb8 12. Ne4 Nef5 13. Bf2 b6 14. Nf6+ Bxf6
15. exf6 Nxf3+ 16. Bxf3 Qxf6 17. c3 Bb7 18. Bxb7 Rxb7 19. Qf3 Qe7 20. g4 Nd6
21. Bg3 Rd7 22. h4 f5 23. g5 f4 24. Bf2 Nf5 25. Qxf4 Nd4 26. Qxf8+ Qxf8 27.
Bxd4 Qb8 28. Bf2 Rxd3 29. Rfe1 Qf4 30. Re2 Rh3 0-1

[Event "Torneo FreeTUR"]
[Site "Torino ITA"]
[Date "2007.12.04"]
[Round "5"]
[White "Raimondi, Andrea"]
[Black "Bosetti, Roberto"]
[Result "0-1"]
[WhiteElo "1443"]
[BlackElo "1692"]
[PlyCount "40"]
[EventDate "2007.11.06"]

1. d4 Nf6 2. e3 d5 3. c4 e6 4. Nc3 Be7 5. Nf3 O-O 6. Bd3 c5 7. O-O Nc6 8. a3
cxd4 9. exd4 dxc4 10. Bxc4 a6 11. Re1 Qc7 12. h3 Rd8 13. Be3 Nxd4 14. Bxd4 Qxc4
15. Rc1 Qc6 16. Ne4 Qe8 17. Nxf6+ Bxf6 18. Ne5 Rd5 19. Rc7 Qd8 20. Rc4 Bxe5 0-1

[Event "Torneo FreeTUR"]
[Site "Torino ITA"]
[Date "2007.12.04"]
[Round "5"]
[White "Savarese, Ciro"]
[Black "Di Stefano, Marco"]
[Result "0-1"]
[WhiteElo "1416"]
[BlackElo "1464"]
[PlyCount "126"]
[EventDate "2007.11.06"]

1. e4 e5 2. Nc3 Nf6 3. Bc4 Nxe4 4. Bxf7+ Kxf7 5. Nxe4 d5 6. Nc3 Nd7 7. Nxd5 Bc5
8. b4 Bxf2+ 9. Kxf2 Qh4+ 10. Kf1 Qc4+ 11. d3 Qxd5 12. Qf3+ Qxf3+ 13. Nxf3 Rf8
14. Bb2 Kg8 15. Ke2 Rf5 16. h4 b6 17. Rh3 Bb7 18. Rg3 Raf8 19. Rf1 Ba8 20. a3
Bb7 21. Bc1 R8f7 22. Be3 R5f6 23. h5 e4 24. Nd2 exd3+ 25. cxd3 Rxf1 26. Nxf1
Ne5 27. Bd4 Nxd3 28. Rxd3 Ba6 29. Ne3 Rd7 30. Nf5 g6 31. Nh6+ Kf8 32. hxg6 hxg6
33. Bb2 Rxd3 34. Ke1 Rb3 35. Bc1 Rg3 36. Kf2 Rc3 37. Bf4 Rxa3 38. Bxc7 Ra4 39.
Bd6+ Ke8 40. Ke3 Ra3+ 41. Kf4 Bf1 42. g3 a5 43. Kg5 Bd3 44. Ng4 axb4 45. Bxb4
Rb3 46. Ne5 Rxb4 47. Nxd3 Rb3 48. Nf4 Rxg3+ 49. Kh6 Kf7 50. Nd5 b5 51. Nb6 b4
52. Na4 b3 53. Nc5 b2 54. Ne4 Rg1 55. Ng5+ Kf6 56. Ne4+ Ke5 57. Nd2 Kf4 58. Nb3
b1=Q 59. Nd4 Qe4 60. Nb5 Qe8 61. Kg7 Qxb5 62. Kh8 Qd7 63. Kg8 Rh1 0-1

[Event "Torneo FreeTUR"]
[Site "Torino ITA"]
[Date "2007.12.04"]
[Round "5"]
[White "Tallarico, Pierfrancesco"]
[Black "Pitrola, Carlo"]
[Result "1-0"]
[WhiteElo "1518"]
[BlackElo "1602"]
[PlyCount "119"]
[EventDate "2007.11.06"]

1. c4 c6 2. Nf3 d5 3. e3 Nf6 4. Qc2 e6 5. b3 Bd6 6. Bb2 O-O 7. Rg1 Nbd7 8. g4
e5 9. g5 Nh5 10. Nc3 d4 11. Ne4 Nc5 12. Nxc5 Bxc5 13. Bd3 g6 14. Nxe5 Re8 15.
Nf3 dxe3 16. dxe3 Nf4 17. O-O-O Nxd3+ 18. Rxd3 Qa5 19. Qc3 Qxc3+ 20. Bxc3 Bf5
21. Rd2 Bxe3 22. fxe3 Rxe3 23. Bf6 Rxf3 24. Rgd1 Re8 25. Rd8 Rfe3 26. Kb2 Kf8
27. Rxe8+ Rxe8 28. Kc3 Rc8 29. b4 Ke8 30. Re1+ Be6 31. Re4 Kd7 32. Rd4+ Kc7 33.
Be5+ Kb6 34. Bd6 a6 35. a4 Ka7 36. c5 Re8 37. b5 axb5 38. axb5 cxb5 39. Rd1 b6
40. c6 Bc8 41. Kd4 Re6 42. Kd5 Re2 43. Ra1+ Ba6 44. c7 Rd2+ 45. Kc6 Rc2+ 46.
Kd7 Rc4 47. Rxa6+ Kxa6 48. c8=Q+ Rxc8 49. Kxc8 Ka5 50. Kc7 b4 51. Kc6 b3 52.
Be5 Kb4 53. Kxb6 Ka3 54. Kc6 b2 55. Bxb2+ Kxb2 56. Kd6 Kc3 57. Ke7 Kd4 58. Kxf7
Ke5 59. Kg7 Kf5 60. h4 1-0

[Event "Torneo FreeTUR"]
[Site "Torino ITA"]
[Date "2007.12.11"]
[Round "6"]
[White "Biancotti, Alessandro"]
[Black "Figari, Andrea"]
[Result "0-1"]
[WhiteElo "1828"]
[BlackElo "1563"]
[PlyCount "56"]
[EventDate "2007.11.06"]

1. e4 e5 2. Nf3 Nc6 3. Bb5 a6 4. Ba4 d6 5. c3 Bd7 6. O-O Nf6 7. Re1 Be7 8. d4
b5 9. Bb3 O-O 10. Nbd2 Nh5 11. Nxe5 Nxe5 12. dxe5 Nf4 13. Nf3 Ng6 14. exd6 cxd6
15. Nd4 Ne5 16. Bd5 Rb8 17. b3 Qc8 18. Bb2 Bg5 19. Nf3 Bg4 20. Bc1 Bxf3 21.
gxf3 Qh3 22. Re3 Bxe3 23. fxe3 Nxf3+ 24. Kf2 Nxh2 25. Qd4 Qf1+ 26. Kg3 Qg1+ 27.
Kh3 Nf3 28. Qb4 g5 0-1

[Event "Torneo FreeTUR"]
[Site "Torino ITA"]
[Date "2007.12.11"]
[Round "6"]
[White "Bosetti, Roberto"]
[Black "Parisi, Gianmario"]
[Result "1/2-1/2"]
[WhiteElo "1692"]
[BlackElo "1647"]
[PlyCount "60"]
[EventDate "2007.11.06"]

1. d4 Nf6 2. c4 g6 3. Nc3 d5 4. cxd5 Nxd5 5. e4 Nxc3 6. bxc3 Bg7 7. Bc4 c5 8.
Ne2 Nc6 9. Be3 O-O 10. O-O Qc7 11. Rc1 Rd8 12. h3 Na5 13. Bb3 c4 14. Bc2 b6 15.
Qe1 e5 16. dxe5 Bxe5 17. f4 Bg7 18. Bd4 Nc6 19. Qf2 Bb7 20. Bxg7 Kxg7 21. Rcd1
Qe7 22. e5 f6 23. exf6+ Qxf6 24. Be4 Na5 25. Bxb7 Nxb7 26. Rd4 b5 27. Rfd1 Rxd4
28. Rxd4 Qc6 29. Qe3 Re8 30. Qd2 Qe6 1/2-1/2

[Event "Torneo FreeTUR"]
[Site "Torino ITA"]
[Date "2007.12.11"]
[Round "6"]
[White "Di Chiara, Mauro"]
[Black "Ragni, Paolo"]
[Result "0-1"]
[WhiteElo "1747"]
[BlackElo "2169"]
[PlyCount "86"]
[EventDate "2007.11.06"]

1. d4 Nf6 2. g3 c5 3. d5 e6 4. Nc3 d6 5. Bg2 e5 6. e4 g6 7. Nge2 Bg7 8. O-O O-O
9. f4 Nbd7 10. Kh1 a6 11. a4 b6 12. Bh3 h5 13. f5 Rb8 14. fxg6 fxg6 15. Be6+
Kh8 16. Bg5 b5 17. axb5 axb5 18. Qc1 b4 19. Nd1 Qc7 20. Qe3 Kh7 21. Rf3 Nb6 22.
Bxf6 Rxf6 23. Rxf6 Bxf6 24. Qf2 Bg7 25. Ne3 Bxe6 26. dxe6 Qe7 27. Qf7 Qxf7 28.
exf7 Rb7 29. Rf1 Bf8 30. Ng2 Kg7 31. Nh4 Nc4 32. Nc1 Nxb2 33. Kg2 Nc4 34. Rf3
Nd2 35. Re3 Rxf7 36. Nf3 Nxf3 37. Rxf3 Rxf3 38. Kxf3 c4 39. Ke2 Kf6 40. Na2 d5
41. exd5 e4 42. Ke3 Ke5 43. h3 Bc5+ 0-1

[Event "Torneo FreeTUR"]
[Site "Torino ITA"]
[Date "2007.12.11"]
[Round "6"]
[White "Di Stefano, Salvatore"]
[Black "Colamartino, Gianfranco"]
[Result "1/2-1/2"]
[WhiteElo "1404"]
[BlackElo "1440"]
[PlyCount "123"]
[EventDate "2007.11.06"]

1. e4 c5 2. d4 cxd4 3. c3 d3 4. Nf3 d6 5. Bxd3 Nc6 6. O-O g6 7. Bg5 Bg7 8. Re1
f6 9. Be3 Nh6 10. Qd2 Nf7 11. Bc4 O-O 12. Na3 Kh8 13. Nc2 Bg4 14. Nfd4 Bd7 15.
Be6 Bc8 16. Bxf7 Rxf7 17. Nf3 Ne5 18. Ncd4 Nc4 19. Qc2 e5 20. Nb3 f5 21. Rad1
fxe4 22. Qxe4 Bf5 23. Qd5 Be6 24. Qe4 Rd7 25. Qb1 Nxe3 26. Rxe3 Bf5 27. Qa1 Qc7
28. h3 Rad8 29. Nh4 Bc2 30. Rd5 Qc6 31. Ra5 a6 32. Rg3 Bxb3 33. axb3 d5 34. Qe1
b5 35. Nf3 Qf6 36. Nd2 Qb6 37. Ra1 d4 38. Ne4 d3 39. Rd1 Bh6 40. Ng5 Qf6 41. h4
Bxg5 42. Rxg5 Re7 43. Qe3 e4 44. f3 exf3 45. Qxf3 Qxf3 46. gxf3 d2 47. Kf2 Kg7
48. c4 h6 49. Rg4 Rc7 50. Ke3 Rcd7 51. c5 Rd3+ 52. Ke2 Rxb3 53. Re4 Rxb2 54.
Re7+ Kf6 55. Ra7 Ra2 56. c6 Rc8 57. c7 a5 58. Rxd2 Rxd2+ 59. Kxd2 Ke6 60. Kc3
Kd6 61. Kb3 Rxc7 62. Rxa5 1/2-1/2

[Event "Torneo FreeTUR"]
[Site "Torino ITA"]
[Date "2007.12.11"]
[Round "6"]
[White "Fassio, Francesco"]
[Black "Marvin, Elio"]
[Result "0-1"]
[WhiteElo "1732"]
[BlackElo "1708"]
[PlyCount "54"]
[EventDate "2007.11.06"]

1. c4 e5 2. Nc3 d6 3. e3 Nf6 4. d4 exd4 5. exd4 Be7 6. Be2 O-O 7. Nf3 c6 8. O-O
d5 9. c5 b6 10. b4 bxc5 11. bxc5 h6 12. Ne5 Re8 13. Qa4 Bxc5 14. Nxc6 Nxc6 15.
dxc5 Bd7 16. Qd1 a6 17. Nxd5 Nxd5 18. Bxa6 Nc3 19. Qf3 Qf6 20. Qxf6 gxf6 21.
Bd3 Nb4 22. Bd2 Ncxa2 23. Bc4 Be6 24. Bxa2 Nxa2 25. Bxh6 Nc3 26. Rae1 Bc4 27.
Rxe8+ Rxe8 0-1

[Event "Torneo FreeTUR"]
[Site "Torino ITA"]
[Date "2007.12.11"]
[Round "6"]
[White "Gallucci, Alessio"]
[Black "Angioni, Gian Carlo"]
[Result "1-0"]
[WhiteElo "2076"]
[BlackElo "1811"]
[PlyCount "89"]
[EventDate "2007.11.06"]

1. e4 d5 2. exd5 Qxd5 3. Nc3 Qa5 4. d4 Nf6 5. Bd2 c6 6. Bc4 Bf5 7. Ne4 Qc7 8.
Ng3 Bg6 9. h4 e6 10. Bg5 Nbd7 11. Qe2 h6 12. Bxf6 Nxf6 13. O-O-O O-O-O 14. Nf3
Nd5 15. Ne5 Bh7 16. Ne4 f6 17. Nd3 Nf4 18. Qg4 Bxe4 19. Nxf4 Bd5 20. Bxd5 cxd5
21. Ng6 f5 22. Qe2 Rh7 23. Qxe6+ Qd7 24. Qxd7+ Kxd7 25. h5 Be7 26. Rhe1 Bf6 27.
c3 Rc8 28. Re2 b5 29. Rde1 b4 30. Kd2 bxc3+ 31. bxc3 Rb8 32. g3 Rb2+ 33. Kd3
Rb8 34. f4 Rc8 35. Rb1 Kc7 36. Reb2 Kd6 37. Rb8 Rc6 38. R1b4 a6 39. a4 Kc7 40.
R4b7+ Kd6 41. Rb6 Kc7 42. a5 Rxb6 43. Rxb6 Bd8 44. Rxa6 Kb7 45. Rd6 1-0

[Event "Torneo FreeTUR"]
[Site "Torino ITA"]
[Date "2007.12.11"]
[Round "6"]
[White "Gariglio, Marco"]
[Black "Tondo, Stefano"]
[Result "0-1"]
[WhiteElo "1491"]
[BlackElo "1496"]
[PlyCount "64"]
[EventDate "2007.11.06"]

1. e4 e5 2. Nf3 Nc6 3. Nc3 Bc5 4. Bc4 Nf6 5. d3 h6 6. a3 a5 7. O-O O-O 8. Nd5
d6 9. h3 Na7 10. b4 Nxd5 11. bxc5 Ne7 12. cxd6 cxd6 13. Bd2 b5 14. Ba2 Nac6 15.
Qc1 Kh7 16. c4 bxc4 17. Bxc4 f5 18. exf5 Rxf5 19. Qc2 Rxf3 20. gxf3 Nd4 21. Qd1
Bxh3 22. Re1 Nef5 23. Bd5 Rb8 24. Be4 Qf6 25. Bxf5+ Qxf5 26. Re4 Qxf3 27. Qxf3
Nxf3+ 28. Kh1 Nxd2 29. Re3 Bg4 30. Ra2 Nf3 31. a4 Nd4 32. Ra1 Nc2 0-1

[Event "Torneo FreeTUR"]
[Site "Torino ITA"]
[Date "2007.12.11"]
[Round "6"]
[White "Gatti, Franco"]
[Black "Savarese, Ciro"]
[Result "1-0"]
[WhiteElo "1499"]
[BlackElo "1416"]
[PlyCount "113"]
[EventDate "2007.11.06"]

1. e4 e5 2. Nf3 Nc6 3. Bc4 Na5 4. Nxe5 Nxc4 5. Nxc4 d5 6. exd5 Qxd5 7. Qe2+ Be6
8. Ne3 Qd7 9. Nc3 Bc5 10. d3 Nf6 11. Bd2 O-O 12. O-O c6 13. h3 Rfe8 14. Qf3
Rad8 15. Rad1 Qc7 16. b3 b5 17. a4 a6 18. axb5 axb5 19. Ne4 Nxe4 20. dxe4 Bd4
21. Nf5 Be5 22. Bc3 f6 23. Bxe5 fxe5 24. Ng3 b4 25. Rd3 Bc8 26. Rfd1 Rd7 27.
Rxd7 Bxd7 28. Qe3 Be6 29. Qc5 Rd8 30. Rxd8+ Qxd8 31. Qxc6 Qe7 32. Nf1 h5 33.
Ne3 Qf7 34. Nd5 Kh7 35. f3 h4 36. Ne3 Qa7 37. Kf2 Bd7 38. Qd6 Qd4 39. Qxd4 exd4
40. Nd5 Bb5 41. Nxb4 Kg6 42. f4 Kf6 43. Nd5+ Kf7 44. g3 hxg3+ 45. Kxg3 d3 46.
cxd3 Bxd3 47. e5 Bc2 48. b4 Be4 49. Nc3 Bd3 50. h4 Kg6 51. b5 Kf5 52. b6 Ba6
53. Nb5 Kg6 54. Nd6 Kh6 55. e6 Kh7 56. e7 Bd3 57. e8=Q 1-0

[Event "Torneo FreeTUR"]
[Site "Torino ITA"]
[Date "2007.12.11"]
[Round "6"]
[White "Gussone, Claudio"]
[Black "Diana, Riccardo"]
[Result "1/2-1/2"]
[WhiteElo "1876"]
[BlackElo "2070"]
[PlyCount "109"]
[EventDate "2007.11.06"]

1. c4 Nf6 2. d4 e6 3. Nf3 b6 4. g3 Bb7 5. Bg2 Be7 6. O-O O-O 7. Nc3 Ne4 8. Qc2
Nxc3 9. Qxc3 Bf6 10. Qd3 d5 11. b3 Na6 12. Ba3 c5 13. Rac1 Qe7 14. cxd5 exd5
15. Rc2 Rfe8 16. Rfc1 Rac8 17. e3 Rc7 18. Qb5 Rec8 19. Bh3 Rd8 20. dxc5 bxc5
21. Bxc5 Nxc5 22. Rxc5 Rxc5 23. Qxc5 Qe4 24. Nd4 g6 25. Qxa7 Bg5 26. Bg2 Qe7
27. Nc6 Qc7 28. Qc5 Bxc6 29. Qxc6 Qe5 30. Qc5 Qb2 31. f4 Be7 32. Qc2 Qa3 33.
Rd1 Bc5 34. Rxd5 Bxe3+ 35. Kh1 Rxd5 36. Bxd5 Qe7 37. Qe4 Qa7 38. a4 Bc5 39. Kg2
Bf8 40. Qc4 Kg7 41. Kf1 Qe3 42. Qe4 Qd2 43. Qe5+ Kg8 44. a5 h5 45. Bc4 Qxh2 46.
Qd5 Qh3+ 47. Kf2 Qd7 48. a6 Qa7+ 49. Kf3 Bc5 50. Qb7 Qxb7+ 51. axb7 Bd6 52. Ke4
Bb8 53. Kd5 Kf8 54. Ke4 Ke7 55. Kf3 1/2-1/2

[Event "Torneo FreeTUR"]
[Site "Torino ITA"]
[Date "2007.12.11"]
[Round "6"]
[White "Liviabella, Lucio"]
[Black "Portaro, Gaetano"]
[Result "0-1"]
[WhiteElo "1571"]
[BlackElo "1428"]
[PlyCount "132"]
[EventDate "2007.11.06"]

1. e4 Nc6 2. Nf3 d6 3. d4 e6 4. Nc3 Nf6 5. Bg5 Be7 6. Qd2 Nd7 7. O-O-O O-O 8.
h4 f6 9. Bf4 Nb6 10. h5 e5 11. dxe5 fxe5 12. Be3 Bg4 13. Be2 h6 14. Nd5 Nxd5
15. exd5 Nb8 16. Qb4 Bc8 17. Bd3 Nd7 18. Bg6 Nb6 19. b3 Bf5 20. Bxf5 Rxf5 21.
Qg4 Rf6 22. Rh3 Qd7 23. Qg3 Qf5 24. Rh4 Kh8 25. Re1 Nxd5 26. Kb2 a5 27. Rg4 Nb4
28. Rc1 Rg8 29. Nh4 Qe6 30. Ng6+ Kh7 31. Nxe7 Qxe7 32. Rd1 Qf7 33. Qh3 Nd5 34.
Rd3 Nxe3 35. fxe3 Rf5 36. Rg6 Rf6 37. Rg3 g5 38. Qg4 Rd8 39. Qe4+ Kg7 40. Qxb7
Rd7 41. Qc6 d5 42. Qb5 c6 43. Qxa5 Qxh5 44. e4 Qh4 45. exd5 cxd5 46. Qb5 Rfd6
47. Qa5 e4 48. Rh3 Qg4 49. Rdg3 Qe6 50. Qe1 d4 51. a4 Rb7 52. Ka2 Ra6 53. Qd2
Qd5 54. c4 Qd6 55. Rg4 Re7 56. Rgg3 Qc5 57. Qb2 Kh7 58. Rh1 Rd6 59. Qd2 Kg7 60.
Rh5 e3 61. Qc1 Re5 62. Qe1 d3 63. Rh1 e2 64. Qd2 Qf2 65. Qe1 Qxe1 66. Rxe1 d2
0-1

[Event "Torneo FreeTUR"]
[Site "Torino ITA"]
[Date "2007.12.11"]
[Round "6"]
[White "Martin, Tiziano"]
[Black "Cacinschi, Alexandru"]
[Result "1-0"]
[WhiteElo "2019"]
[BlackElo "1630"]
[PlyCount "75"]
[EventDate "2007.11.06"]

1. e4 e6 2. d3 c5 3. Nc3 Nc6 4. g3 g6 5. Bg2 Bg7 6. Nge2 Nge7 7. O-O O-O 8. Be3
Nd4 9. Qd2 Nec6 10. Nd1 Rb8 11. c3 Nxe2+ 12. Qxe2 d6 13. Qd2 Re8 14. f4 f5 15.
Nf2 Qc7 16. Rae1 b5 17. g4 b4 18. gxf5 exf5 19. Nh3 bxc3 20. bxc3 h6 21. e5 Kh7
22. d4 Na5 23. Qf2 Ba6 24. Qh4 Bxf1 25. Ng5+ Kh8 26. Rxf1 cxd4 27. Bxd4 Re7 28.
Kh1 Nc6 29. exd6 Qxd6 30. Qxh6+ Kg8 31. Qh7+ Kf8 32. Bxg7+ Rxg7 33. Qh8+ Rg8
34. Qh6+ Rg7 35. c4 Ne7 36. Re1 Kg8 37. h3 Qxf4 38. Qxg7+ 1-0